Research methodology. (Record no. 1226)
[ view plain ]
| 000 -LEADER | |
|---|---|
| Fixed length control field | 00440nam a2200181 4500 |
| 003 - CONTROL NUMBER IDENTIFIER | |
| Control field | SEACOMMC |
| 005 - DATE AND TIME OF LATEST TRANSACTION | |
| Control field | 20250804112840.0 |
| 008 - FIXED-LENGTH DATA ELEMENTS--GENERAL INFORMATION | |
| Fixed length control field | 250804b |||||||| |||| 00| 0 eng d |
| 020 ## - INTERNATIONAL STANDARD BOOK NUMBER / ISBN | |
| International Standard Book Number | 978-8182812826 |
| 040 ## - CATALOGING SOURCE | |
| Original cataloging agency | SEACOMMC |
| 082 ## - DEWEY DECIMAL CLASSIFICATION NUMBER | |
| Classification number | 001.42 M |
| 100 ## - MAIN ENTRY--PERSONAL NAME | |
| Personal name | Murthy, C. |
| 245 ## - TITLE STATEMENT | |
| Title | Research methodology. |
| 260 ## - IMPRINT | |
| Place of publication | New Delhi |
| Name of publisher | Vrinda Publications Pvt Ltd |
| 300 ## - PHYSICAL DESCRIPTION | |
| Page / Vol. No | xv,411 |
| 610 ## - SUBJECT ADDED ENTRY--CORPORATE NAME | |
| Corporate name | Research Methodology |
| 942 ## - ADDED ENTRY ELEMENTS (KOHA) | |
| Koha item type | Books |
| Withdrawn status | Lost status | Source of classification | Damaged status | Not for loan | Home library | Current library | Date acquired | Total Checkouts | Call number | Accession number | Date last seen | Copy number | Price effective from | Koha item type |
|---|---|---|---|---|---|---|---|---|---|---|---|---|---|---|
| Dewey Decimal Classification | SEACOM MANAGEMENT COLLEGE | SEACOM MANAGEMENT COLLEGE | 04/08/2025 | 001.42 M984 | M-3064 | 04/08/2025 | 1 | 04/08/2025 | Books | |||||
| Dewey Decimal Classification | SEACOM MANAGEMENT COLLEGE | SEACOM MANAGEMENT COLLEGE | 04/08/2025 | 001.42 M984 | M-3065 | 04/08/2025 | 2 | 04/08/2025 | Books | |||||
| Dewey Decimal Classification | SEACOM MANAGEMENT COLLEGE | SEACOM MANAGEMENT COLLEGE | 04/08/2025 | 001.42 M984 | M-3066 | 04/08/2025 | 3 | 04/08/2025 | Books |
